000 00869nam a2200241 a 4500
999 _c3757
_d3757
001 3757
003 BD-JhCC
005 20171118112959.0
008 171118s2010 bg a|||| ||a| 000 0 ben d
020 _a9789848866016
035 _a(BD-JhCC)3757
040 _aBD-JhCC
_dBD-JhCC
041 _aben
082 _a378.12095492
_bKAB 2010
100 _aকবির, ইকবাল
245 _aআত্মকথা, স্মৃতি-বিস্মৃতির বাংলাদেশ /
_cইকবাল কবির, আবদুল মান্নান সৈয়দ (সম্পা)
260 _aঢাকা :
_bপাঠক সমাবেশ,
_c2010
300 _a322 p. :
_c22 cm.
650 _aSocial Works
_zBangladesh
700 _aসৈয়দ, আবদুল মান্নান (সম্পা)
942 _2ddc
_cBK